Educational thoughts & essays: (Record no. 8096)
[ view plain ]
| 000 -LEADER | |
|---|---|
| fixed length control field | 00569 a2200169 4500 |
| 010 ## - LCCN (DPL NO) | |
| LC control number | ENG-88288 |
| 020 ## - INTERNATIONAL STANDARD BOOK NUMBER | |
| Terms of availability | 125.00 |
| International Standard Book Number | 818629998X |
| 035 ## - SYSTEM CONTROL NUMBER | |
| System control number | EN-71821 |
| 037 ## - SOURCE OF ACQUISITION | |
| Source of stock number/acquisition | DBAD / PUB |
| 082 14 - DEWEY DECIMAL CLASSIFICATION NUMBER | |
| Classification number | 370.1 |
| 100 ## - MAIN ENTRY--PERSONAL NAME | |
| Personal name | Goswami, M.K. |
| 245 1# - TITLE STATEMENT | |
| Title | Educational thoughts & essays: |
| Statement of responsibility, etc | by M.K. Goswami |
| Remainder of title | a textbook for T.D.C. IIIrd year-major students/ |
| 260 ## - PUBLICATION, DISTRIBUTION, ETC. (IMPRINT) | |
| Place of publication, distribution, etc | New Delhi |
| Name of publisher, distributor, etc | Asian Books |
| Date of publication, distribution, etc | 2006 |
| 270 ## - ADDRESS | |
| Address | 7/28, Mahavir Lane, Vardan House, Ansari Road, Darya Ganj |
| City | New Delhi |
| Postal code | 110 002 |
| 300 ## - PHYSICAL DESCRIPTION | |
| Extent | 190p. |
| Dimensions | 22cm ( pbk) |
| 942 ## - ADDED ENTRY ELEMENTS (KOHA) | |
| Institution code [OBSOLETE] | dpl |
| Item type | English Books |
| Source of classification or shelving scheme | Dewey Decimal Classification |
| Classification part | 370.1 |
| Call number suffix | GOS |
| Withdrawn status | Lost status | Not for loan | Collection code | Home library | Current library | Source of acquisition | Cost, normal purchase price | Full call number | Barcode | Copy number | Cost, replacement price | Koha item type |
|---|---|---|---|---|---|---|---|---|---|---|---|---|
| Not For Loan | Non-fiction | D.B.Act.Division | D.B.Act.Division | DBAD/PUB | 125.00 | 370.1 GOS | EN-71821 | 1 | 125.00 | English Books |
